Millions of monarchs. (Record no. 112185)
[ view plain ]
| 000 -LEADER | |
|---|---|
| fixed length control field | 00342nam a2200133 a 4500 |
| 005 - DATE AND TIME OF LATEST TRANSACTION | |
| control field | 20140414131929.0 |
| 008 - FIXED-LENGTH DATA ELEMENTS--GENERAL INFORMATION | |
| fixed length control field | 101103s19uu xx 00 eng d |
| 020 ## - INTERNATIONAL STANDARD BOOK NUMBER | |
| International Standard Book Number | 0-439-43965-5 |
| 050 ## - LIBRARY OF CONGRESS CALL NUMBER | |
| Classification number | M 595.78 |
| Item number | R67 2003 |
| 100 ## - MAIN ENTRY--PERSONAL NAME | |
| Personal name | Roop, Connie |
| 245 ## - TITLE STATEMENT | |
| Title | Millions of monarchs. |
| 260 ## - PUBLICATION, DISTRIBUTION, ETC. (IMPRINT) | |
| Place of publication, distribution, etc | New York : |
| Name of publisher, distributor, etc | Scholastic , |
| Date of publication, distribution, etc | 2003. |
| Withdrawn status | Lost status | Damaged status | Home library | Current library | Shelving location | Date acquired | Total Checkouts | Full call number | Barcode | Date last seen | Price effective from | Koha item type |
|---|---|---|---|---|---|---|---|---|---|---|---|---|
| Munich Library | Munich Library | Main Section | 11/03/2010 | M 595.78 R67 2003 | M3265 | 04/14/2014 | 04/14/2014 | Books |